[Event "Hessenliga 1921"]
[Site "Hessen"]
[Date "2020.01.26"]
[Round "5.7"]
[White "Iwanziw, Niklas"]
[Black "Goll, Christof"]
[Result "1-0"]
[WhiteElo "1925"]
[BlackElo "2076"]
[PlyCount "85"]
[EventDate "2019.09.22"]
[EventType "team-tourn"]
[EventRounds "9"]
[EventCountry "GER"]
[SourceTitle "EXT 2024"]
[Source "ChessBase"]
[SourceDate "2023.10.10"]
[SourceVersion "1"]
[SourceVersionDate "2023.10.10"]
[SourceQuality "1"]
[WhiteTeam "Neuberg II"]
[BlackTeam "Nied"]
[WhiteTeamCountry "GER"]
[BlackTeamCountry "GER"]

1. d4 Nf6 2. c4 e6 3. g3 d5 4. Nf3 Bb4+ 5. Nc3 0-0 6. Bg2 Bd7 7. Qb3 Bxc3+ 8. Qxc3 Ne4 9. Qc2 Nc6 10. 0-0 Qf6 11. e3 Rab8 12. Nd2 Nxd2 13. Bxd2 dxc4 14. Qxc4 Rfc8 15. b4 e5 16. b5 Ne7 17. dxe5 Qxe5 18. Rfb1 Nf5 19. a4 Nd6 20. Qd4 Qxd4 21. exd4 Nf5 22. d5 Nd4 23. Be3 Nc2 24. Ra2 Nxe3 25. fxe3 Re8 26. Kf2 Bf5 27. Rc1 Re7 28. Ra3 Rbe8 29. Rc4 h5 30. Rac3 Rd8 31. Rxc7 Red7 32. e4 Rxc7 33. Rxc7 Rc8 34. Rxc8+ Bxc8 35. e5 Kf8 36. Ke3 Ke7 37. d6+ Ke8 38. Bd5 Kf8 39. Kf4 Ke8 40. Kg5 b6 41. Kxh5 Bf5 42. Bb3 Bh3 43. Kh4 1-0

[Event "Hessenliga 1921"]
[Site "Hessen"]
[Date "2019.11.10"]
[Round "3.6"]
[White "Rueger, Erhard"]
[Black "Iwanziw, Niklas"]
[Result "1/2-1/2"]
[WhiteElo "2108"]
[BlackElo "1925"]
[PlyCount "98"]
[EventDate "2019.09.22"]
[EventType "team-tourn"]
[EventRounds "9"]
[EventCountry "GER"]
[SourceTitle "EXT 2024"]
[Source "ChessBase"]
[SourceDate "2023.10.10"]
[SourceVersion "1"]
[SourceVersionDate "2023.10.10"]
[SourceQuality "1"]
[WhiteTeam "Frankfurt Bvk"]
[BlackTeam "Neuberg II"]
[WhiteTeamCountry "GER"]
[BlackTeamCountry "GER"]

1. Nf3 g6 2. c4 Bg7 3. g3 c5 4. Bg2 Nc6 5. Nc3 d6 6. 0-0 e5 7. d3 Nge7 8. Ne1 0-0 9. Nc2 Rb8 10. a3 a6 11. Bd2 b5 12. b3 Nd4 13. Ne3 Nec6 14. Rb1 h6 15. h3 Kh7 16. Ned5 f5 17. e3 Ne6 18. Ne2 Ne7 19. Nec3 g5 20. f4 Ng6 21. Ne2 Bb7 22. Kh2 gxf4 23. exf4 exf4 24. Nexf4 Ngxf4 25. Nxf4 Nxf4 26. Bxf4 Bxg2 27. Kxg2 Rb7 28. Qf3 Rd7 29. Qc6 Qa8 30. Qxa8 Rxa8 31. Rbe1 Raa7 32. Re6 d5 33. Bd6 dxc4 34. dxc4 bxc4 35. bxc4 Rab7 36. Bxc5 Rd2+ 37. Rf2 Rbb2 38. Rxd2 Rxd2+ 39. Kf3 Rc2 40. Rxa6 Rc3+ 41. Kg2 Rxc4 42. Bd6 Rc2+ 43. Kf3 Bd4 44. g4 Rf2+ 45. Kg3 fxg4 46. Be5 gxh3 47. Bxd4 h2 48. Be3 h1Q 49. Rxh6+ Qxh6 1/2-1/2

[Event "Hessenliga 1819"]
[Site "Hessen"]
[Date "2019.02.03"]
[Round "5.6"]
[White "Iwanziw, Niklas"]
[Black "Kersten, Uwe"]
[Result "1/2-1/2"]
[WhiteElo "1887"]
[BlackElo "2233"]
[PlyCount "42"]
[EventDate "2018.09.23"]
[EventType "team-tourn"]
[EventRounds "9"]
[EventCountry "GER"]
[SourceTitle "EXT 2020"]
[Source "ChessBase"]
[SourceDate "2019.10.17"]
[SourceVersion "1"]
[SourceVersionDate "2019.10.17"]
[SourceQuality "1"]
[WhiteTeam "Neuberg II"]
[BlackTeam "Bad Emstal/Wolfhagen"]
[WhiteTeamCountry "GER"]
[BlackTeamCountry "GER"]

1. d4 e6 2. c4 f5 3. g3 Nf6 4. Bg2 d5 5. Nf3 Bd6 6. Bf4 Bxf4 7. gxf4 0-0 8. e3 Nbd7 9. Qe2 Ne4 10. Ne5 c6 11. Nd2 Nxe5 12. fxe5 Nxd2 13. Qxd2 f4 14. h4 fxe3 15. fxe3 Bd7 16. 0-0-0 Qe7 17. Rdg1 Rf7 18. Bf1 Raf8 19. Bd3 Rf2 20. Qc3 Be8 21. h5 Kh8 1/2-1/2

[Event "Hessenliga 1718"]
[Site "Hessen"]
[Date "2017.12.03"]
[Round "4.5"]
[White "Iwanziw, Niklas"]
[Black "Meffert, Matthias"]
[Result "1/2-1/2"]
[WhiteElo "1903"]
[BlackElo "2076"]
[PlyCount "108"]
[EventDate "2017.09.17"]
[EventType "team-tourn"]
[EventRounds "9"]
[EventCountry "GER"]
[SourceTitle "CBM 189 Extra"]
[Source "ChessBase"]
[SourceDate "2019.06.03"]
[SourceVersion "1"]
[SourceVersionDate "2019.06.03"]
[SourceQuality "1"]
[WhiteTeam "Neuberg II"]
[BlackTeam "Niederbrechen"]
[WhiteTeamCountry "GER"]
[BlackTeamCountry "GER"]

1. d4 Nf6 2. c4 g6 3. g3 c6 4. Bg2 d5 5. Nf3 Bg7 6. 0-0 Ne4 7. b3 0-0 8. Bb2 Be6 9. Nbd2 Nxd2 10. Nxd2 Qd7 11. Rc1 Rd8 12. cxd5 cxd5 13. Rc5 Nc6 14. Nf3 b6 15. Rc1 Rac8 16. Re1 Bf5 17. h4 Be4 18. Kh2 Bxf3 19. Bxf3 Nxd4 20. Bxd4 Rxc1 21. Qxc1 Bxd4 22. Rd1 Bxf2 23. Rxd5 Qe8 24. Qc7 Rxd5 25. Bxd5 a5 26. Qc6 Qxc6 27. Bxc6 Kg7 28. Kg2 Be1 29. Kf3 Kf6 30. Be8 Ke6 31. a4 f5 32. h5 Kf6 33. hxg6 hxg6 34. g4 e6 35. e4 Bd2 36. exf5 exf5 37. gxf5 Kxf5 38. Bf7 Bc1 39. Kg2 g5 40. Bc4 Kf4 41. Bg8 g4 42. Bc4 Bd2 43. Bg8 Bb4 44. Bc4 Bd6 45. Bg8 Ke3 46. Bf7 Kd4 47. Be6 Kc3 48. Bg8 Kb4 49. Bf7 b5 50. axb5 Kxb5 51. Be6 g3 52. Bg8 Kb4 53. Bf7 Kc3 54. Bg8 Kb4 1/2-1/2

[Event "Heusenstamm Sparkassen op-A 3rd"]
[Site "Heusenstamm"]
[Date "2016.11.24"]
[Round "1"]
[White "Olsen, Filip Boe"]
[Black "Iwanziw, Niklas"]
[Result "1-0"]
[WhiteElo "2136"]
[BlackElo "1902"]
[PlyCount "101"]
[EventDate "2016.11.24"]
[EventType "swiss"]
[EventRounds "7"]
[EventCountry "GER"]
[SourceTitle "EXT 2018"]
[Source "ChessBase"]
[SourceDate "2017.10.13"]
[SourceVersion "1"]
[SourceVersionDate "2017.10.13"]
[SourceQuality "1"]

1. d4 d5 2. c4 e6 3. Nc3 c6 4. Nf3 dxc4 5. a4 Bb4 6. e3 b5 7. Bd2 a5 8. axb5 Bxc3 9. Bxc3 cxb5 10. b3 Bb7 11. bxc4 b4 12. Bb2 Nf6 13. c5 0-0 14. Bb5 Qc7 15. 0-0 Ng4 16. g3 f5 17. Qe2 Bc6 18. h3 Bxb5 19. Qxb5 Nxe3 20. fxe3 Qxg3+ 21. Kh1 Qxh3+ 22. Nh2 Qxe3 23. Qb7 Qe4+ 24. Qxe4 fxe4 25. Rg1 Rf2 26. Rab1 Ra7 27. Ng4 Rf4 28. Bc1 Rf3 29. Ne5 Rh3+ 30. Kg2 Rc3 31. Bf4 Ra6 32. Kh2 b3 33. Rg2 Nc6 34. Rbg1 g6 35. Nxc6 Rxc6 36. Ra1 Ra6 37. Ra4 Rd3 38. Bc7 e3 39. Rxa5 Rxa5 40. Bxa5 Rxd4 41. c6 Rc4 42. c7 Kf7 43. Rb2 Ke7 44. Rxb3 e2 45. Re3 Rc2 46. Kg3 Kd7 47. Rd3+ Kc8 48. Rd8+ Kb7 49. Rb8+ Ka6 50. c8Q+ Kxa5 51. Qxe6 1-0

[Event "Karl Mala Memorial op-A 17th"]
[Site "Frankfurt"]
[Date "2014.08.03"]
[Round "6"]
[White "Iwanziw, Niklas"]
[Black "Berkes, Joerg"]
[Result "0-1"]
[WhiteElo "1934"]
[BlackElo "1745"]
[PlyCount "110"]
[EventDate "2014.07.31"]
[EventType "swiss"]
[EventRounds "7"]
[EventCountry "GER"]
[SourceTitle "EXT 2015"]
[Source "ChessBase"]
[SourceDate "2014.11.20"]
[SourceVersion "1"]
[SourceVersionDate "2014.11.20"]
[SourceQuality "1"]

1. d4 Nf6 2. c4 g6 3. Nc3 Bg7 4. e4 d6 5. Nf3 0-0 6. h3 h6 7. Be2 a5 8. Be3 Na6 9. Qd2 Kh7 10. g4 Nd7 11. 0-0-0 c5 12. d5 a4 13. h4 a3 14. b3 Qa5 15. Nb5 Bb2+ 16. Kb1 Qxd2 17. Bxd2 Nf6 18. Bxh6 Kxh6 19. g5+ Kg7 20. gxf6+ Bxf6 21. Rdg1 Bd7 22. h5 Nb4 23. hxg6 fxg6 24. Rh2 Rh8 25. Rhg2 Rh6 26. Ng5 Bxg5 27. Rxg5 Bxb5 28. cxb5 Rf8 29. R5g2 b6 30. Bg4 Kf6 31. f4 Rh4 32. Be6 Rxf4 33. Rxg6+ Ke5 34. Bf5 Rf6 35. R6g2 Nxd5 36. exd5 R6xf5 37. Rg7 Rf1+ 38. Rxf1 Rxf1+ 39. Kc2 Kxd5 40. Rxe7 Rf2+ 41. Kc3 Rf3+ 42. Kc2 Kd4 43. b4 c4 44. Rh7 Rf2+ 45. Kb1 Kc3 46. Rh3+ Kxb4 47. Rh1 Kxb5 48. Rh5+ Kb4 49. Rh1 d5 50. Rd1 Kc5 51. Rh1 d4 52. Rh5+ Kb4 53. Rh1 d3 54. Rd1 Re2 55. Ka1 d2 0-1

[Event "Karl Mala Memorial op-A 17th"]
[Site "Frankfurt"]
[Date "2014.08.02"]
[Round "4"]
[White "Iwanziw, Niklas"]
[Black "Gelfenbaum, Daniel"]
[Result "1-0"]
[WhiteElo "1934"]
[BlackElo "1716"]
[PlyCount "67"]
[EventDate "2014.07.31"]
[EventType "swiss"]
[EventRounds "7"]
[EventCountry "GER"]
[SourceTitle "EXT 2015"]
[Source "ChessBase"]
[SourceDate "2014.11.20"]
[SourceVersion "1"]
[SourceVersionDate "2014.11.20"]
[SourceQuality "1"]

1. Nf3 c5 2. g3 d5 3. Bg2 Nc6 4. 0-0 e5 5. d3 Nf6 6. Nbd2 Be7 7. e4 0-0 8. exd5 Nxd5 9. Re1 Bf6 10. Ne4 Qc7 11. Bd2 Be7 12. Nc3 Nb6 13. a4 Bg4 14. h3 Be6 15. Ng5 Bxg5 16. Bxg5 Qd7 17. Kh2 Nd5 18. Ne4 b6 19. Bd2 h6 20. a5 f5 21. Nc3 f4 22. axb6 Nxb6 23. Ne4 Qe7 24. gxf4 exf4 25. Nxc5 Qxc5 26. Rxe6 Qxf2 27. Be1 Qd4 28. c3 Qc5 29. Rxc6 Qf5 30. Be4 Qg5 31. Qg4 Qe5 32. Qg6 f3+ 33. Bg3 Qe7 34. Qh7+ 1-0

[Event "Karl Mala Memorial op-A 17th"]
[Site "Frankfurt"]
[Date "2014.08.01"]
[Round "2"]
[White "Iwanziw, Niklas"]
[Black "Hinrichs, Niklas"]
[Result "1/2-1/2"]
[WhiteElo "1934"]
[BlackElo "1748"]
[PlyCount "83"]
[EventDate "2014.07.31"]
[EventType "swiss"]
[EventRounds "7"]
[EventCountry "GER"]
[SourceTitle "EXT 2015"]
[Source "ChessBase"]
[SourceDate "2014.11.20"]
[SourceVersion "1"]
[SourceVersionDate "2014.11.20"]
[SourceQuality "1"]

1. d4 d5 2. c4 c6 3. Nc3 Nf6 4. Nf3 e6 5. Bg5 Be7 6. e3 Nbd7 7. cxd5 exd5 8. Bd3 0-0 9. 0-0 h6 10. Bh4 Nb6 11. Qc2 Re8 12. Rab1 Be6 13. b4 Rc8 14. h3 Nh5 15. Bxe7 Qxe7 16. Ne5 Nf6 17. Qe2 Red8 18. Rfc1 Ne8 19. a4 Rc7 20. b5 cxb5 21. Nxb5 Rxc1+ 22. Rxc1 a6 23. a5 Nc4 24. Bxc4 dxc4 25. Nc3 Qa3 26. Rc2 Qa1+ 27. Qf1 Qxa5 28. Nxc4 Qb4 29. Nd2 Rc8 30. Qc1 Nd6 31. d5 Bd7 32. Na2 Qa5 33. e4 f6 34. Rxc8+ Bxc8 35. Qb2 Nf7 36. Nc3 Bd7 37. Qxb7 Qxc3 38. Qxd7 Qxd2 39. Qe8+ Kh7 40. Qxf7 Qc1+ 41. Kh2 Qf4+ 42. Kg1 1/2-1/2

[Event "Karl Mala Memorial op-A 17th"]
[Site "Frankfurt"]
[Date "2014.07.31"]
[Round "1"]
[White "Kunin, Vitaly L"]
[Black "Iwanziw, Niklas"]
[Result "1-0"]
[WhiteElo "2567"]
[BlackElo "1934"]
[PlyCount "81"]
[EventDate "2014.07.31"]
[EventType "swiss"]
[EventRounds "7"]
[EventCountry "GER"]
[SourceTitle "EXT 2015"]
[Source "ChessBase"]
[SourceDate "2014.11.20"]
[SourceVersion "1"]
[SourceVersionDate "2014.11.20"]
[SourceQuality "1"]

1. d4 d5 2. c4 e6 3. Nc3 c6 4. e3 Nf6 5. Nf3 Nbd7 6. Qc2 Bd6 7. b3 0-0 8. Be2 b6 9. 0-0 Bb7 10. Bb2 Rc8 11. e4 dxe4 12. Nxe4 Nxe4 13. Qxe4 Nf6 14. Qh4 c5 15. dxc5 Bxc5 16. Rad1 Nd7 17. Qg4 g6 18. b4 Be7 19. Qf4 Bxf3 20. Bxf3 Qc7 21. Qh6 e5 22. a3 Rfd8 23. Bg4 Bf8 24. Qd2 Qxc4 25. Bxd7 Rc7 26. Qg5 Rcxd7 27. Qxd8 Rxd8 28. Rxd8 Kg7 29. Bxe5+ f6 30. Bxf6+ Kxf6 31. Rxf8+ Kg5 32. Rf3 a5 33. bxa5 bxa5 34. h3 Qd4 35. Rb1 Qe4 36. Rb5+ Kh6 37. Re3 Qa4 38. Rd5 Qc4 39. Rd7 Qf4 40. h4 g5 41. Re6+ 1-0

[Event "Eschborn op 10th"]
[Site "Eschborn"]
[Date "2013.08.30"]
[Round "1"]
[White "Zimmer, Holger"]
[Black "Iwanziw, Niklas"]
[Result "0-1"]
[WhiteElo "1120"]
[BlackElo "1902"]
[PlyCount "62"]
[EventDate "2013.08.30"]
[EventType "swiss"]
[EventRounds "5"]
[EventCountry "GER"]
[SourceTitle "EXT 2014"]
[Source "ChessBase"]
[SourceDate "2013.11.20"]
[SourceVersion "1"]
[SourceVersionDate "2013.11.20"]
[SourceQuality "1"]

1. d4 d5 2. Nf3 e6 3. Bf4 Nf6 4. c3 c5 5. e3 Nc6 6. Bd3 Nh5 7. Bg3 Be7 8. Nbd2 Nxg3 9. hxg3 g6 10. Rb1 a6 11. Bc2 0-0 12. Nb3 c4 13. Nbd2 f5 14. b3 b5 15. a4 cxb3 16. Bxb3 Qc7 17. Nh4 Na5 18. axb5 axb5 19. f4 Qxc3 20. Kf2 Bb4 21. Nhf3 Nc4 22. Bxc4 dxc4 23. Qe2 Ra2 24. Rhd1 Bb7 25. Ke1 Qa3 26. Rxb4 Qxb4 27. Rb1 Qa5 28. Qd1 c3 29. Qb3 Bd5 30. Qxb5 Qxb5 31. Rxb5 c2 0-1

[Event "Staufer op 25th"]
[Site "Schwaebisch Gmuend"]
[Date "2013.01.03"]
[Round "3"]
[White "Sohlmann, Jan Henning"]
[Black "Iwanziw, Niklas"]
[Result "1-0"]
[WhiteElo "2253"]
[BlackElo "1946"]
[PlyCount "61"]
[EventDate "2013.01.02"]
[EventType "swiss"]
[EventRounds "9"]
[EventCountry "GER"]
[SourceTitle "CBM 152 Extra"]
[Source "ChessBase"]
[SourceDate "2013.02.25"]
[SourceVersion "1"]
[SourceVersionDate "2013.02.25"]
[SourceQuality "1"]

1. e4 c5 2. Nf3 d6 3. d4 cxd4 4. Nxd4 Nf6 5. Nc3 a6 6. Bg5 e6 7. f4 Be7 8. Qf3 Nbd7 9. 0-0-0 h6 10. Bh4 g5 11. fxg5 Ne5 12. gxf6 Nxf3 13. fxe7 Qa5 14. Nxf3 Qc5 15. Kb1 Bd7 16. e5 d5 17. Nd2 Qb4 18. Bf6 Rg8 19. a3 Qb6 20. Nce4 Ba4 21. Nd6+ Kd7 22. g3 Rg6 23. Nxf7 Qd4 24. Bh3 Rxf6 25. exf6 Qxf6 26. Rhf1 Qxe7 27. Rde1 Kc7 28. Rxe6 Qc5 29. Nb3 Qc4 30. Re7+ Kb6 31. Rxb7+ 1-0

[Event "Karl Mala Memorial op 15th"]
[Site "Frankfurt"]
[Date "2012.07.08"]
[Round "6"]
[White "Iwanziw, Niklas"]
[Black "Neurohr, Juergen"]
[Result "1/2-1/2"]
[WhiteElo "1933"]
[BlackElo "2079"]
[PlyCount "121"]
[EventDate "2012.07.05"]
[EventType "swiss"]
[EventRounds "7"]
[EventCountry "GER"]
[SourceTitle "CBM 149 Extra"]
[Source "ChessBase"]
[SourceDate "2012.08.24"]
[SourceVersion "1"]
[SourceVersionDate "2012.08.24"]
[SourceQuality "1"]

1. d4 Nf6 2. c4 g6 3. Nc3 Bg7 4. e4 d6 5. Nf3 0-0 6. Be2 e5 7. 0-0 Nc6 8. d5 Ne7 9. Ne1 Nd7 10. Nd3 f5 11. Bd2 Nf6 12. f3 f4 13. c5 g5 14. cxd6 cxd6 15. Nf2 Ng6 16. Qc2 h5 17. h3 Rf7 18. Rfc1 Ne8 19. a4 Bf8 20. Nb5 Bd7 21. Ra3 a6 22. Nc7 Rc8 23. Ba5 Nxc7 24. Rc3 Qe8 25. b3 Nxd5 26. Rxc8 Bxc8 27. Qxc8 Qxc8 28. Rxc8 Ne3 29. Bb6 Kg7 30. Bxe3 fxe3 31. Nd1 Ne7 32. Re8 Nc6 33. Nxe3 Nd4 34. Bc4 Re7 35. Rb8 Rd7 36. Bd5 b5 37. Nf5+ Nxf5 38. exf5 Be7 39. axb5 axb5 40. Rxb5 g4 41. hxg4 hxg4 42. Be6 Ra7 43. f6+ Bxf6 44. Bxg4 Bg5 45. Kh2 Ra1 46. Rd5 Rb1 47. Rxd6 Rxb3 48. Re6 Bf6 49. Bf5 Ra3 50. Rc6 Ra5 51. Be4 Kf7 52. Kh3 Ra1 53. Kg4 Rh1 54. g3 Rh8 55. f4 exf4 56. Kxf4 Re8 57. Rc5 Kg7 58. Kf5 Re7 59. g4 Bd4 60. Rd5 Be3 61. g5 1/2-1/2

[Event "Karl Mala Memorial op 15th"]
[Site "Frankfurt"]
[Date "2012.07.06"]
[Round "3"]
[White "Zimmermann, Hendrik"]
[Black "Iwanziw, Niklas"]
[Result "1-0"]
[WhiteElo "2105"]
[BlackElo "1933"]
[PlyCount "33"]
[EventDate "2012.07.05"]
[EventType "swiss"]
[EventRounds "7"]
[EventCountry "GER"]
[SourceTitle "CBM 149 Extra"]
[Source "ChessBase"]
[SourceDate "2012.08.24"]
[SourceVersion "1"]
[SourceVersionDate "2012.08.24"]
[SourceQuality "1"]

1. c4 c6 2. g3 d5 3. Nf3 Nf6 4. Bg2 Bg4 5. Ne5 Bf5 6. Qb3 Nbd7 7. d4 Qb6 8. Nxd7 Kxd7 9. cxd5 Qxb3 10. dxc6+ bxc6 11. axb3 e6 12. Nd2 Bb4 13. 0-0 Bc2 14. Nc4 Ng4 15. Bf4 Bxb3 16. Rfc1 f6 17. Nb6+ 1-0

[Event "Hessen-ch Gr-A+B 65th"]
[Site "Gladenbach"]
[Date "2011.04.23"]
[Round "6"]
[White "Iwanziw, Niklas"]
[Black "Hein, Dieter"]
[Result "1-0"]
[WhiteElo "1950"]
[BlackElo "2050"]
[PlyCount "77"]
[EventDate "2011.04.20"]
[EventType "swiss"]
[EventRounds "7"]
[EventCountry "GER"]
[SourceTitle "CBM 142 Extra"]
[Source "ChessBase"]
[SourceDate "2011.06.27"]
[SourceVersion "1"]
[SourceVersionDate "2011.06.27"]
[SourceQuality "1"]

1. d4 d5 2. c4 c6 3. Nf3 Nf6 4. e3 e6 5. Nbd2 Nbd7 6. Bd3 Bd6 7. 0-0 0-0 8. e4 e5 9. cxd5 cxd5 10. exd5 exd4 11. Ne4 Nxe4 12. Bxe4 f5 13. Bc2 d3 14. Bxd3 Nc5 15. Bc4 Ne4 16. Be3 f4 17. Bd4 Bg4 18. Re1 Ng5 19. Be2 Ne4 20. Qc2 Bxf3 21. Bxf3 Ng5 22. Qd3 Qd7 23. Be5 Bb4 24. Re2 Rac8 25. h3 Rc5 26. a3 Ba5 27. b4 Nxf3+ 28. Qxf3 Rxd5 29. bxa5 Rd3 30. Qg4 Qf7 31. Rc2 h5 32. Qe2 Rd7 33. Rac1 f3 34. Qxf3 Qe6 35. Qxh5 Rd5 36. f4 Rxf4 37. Rc8+ Rf8 38. Rxf8+ Kxf8 39. Rc8+ 1-0